000 00517 a2200217 4500
001 110255
020 _a9780590221979
041 _aeng
082 _a546
092 _a95030068 /AC
100 _aWick, Walter.
250 _a. ed.
300 _a40 p.
697 _aWater.
856 _u000019/00001916.jpg
040 _aBR-BrIDEA
_cBR-BrIDEA
090 _aP Year 6 546
_bWIC
245 1 0 _aA drop of water
_ba book of science and wonder
_c Walter Wick
260 _aNew York
_bScholastic
_c1997
942 _cBK
999 _c110255
_d110255